000 01521cam a22003615a 4500
001 18516677
003 EG-ScBUE
005 20220418113710.0
008 150305s2015 enka f b 001 0 eng d
020 _a0415747120
020 _z9780415747127 (pbk)
040 _aDLC
_beng
_erda
_cDLC
_dEG-ScBUE
082 0 4 _222
_a420.188
_bTIM
100 1 _aTimmis, Ivor‏,
_eauthor.
_941400
245 1 0 _aCorpus linguistics for ELT :
_bresearch and practice /
_cIvor Timmis.
264 1 _aLondon ;
_aNew York :
_bRoutledge,
_c2015.
300 _ax, 213 pages ;
_c24 cm.
336 _2rdacontent
_atext
_btxt
337 _2rdamedia
_aunmediated
_bn
338 _2rdacarrier
_avolume
_bnc
490 0 _aRoutledge corpus linguistics guides
504 _aIncludes bibliographical references and index.
505 _a1. Introduction -- 2. Building a corpus -- 3. Corpora and Lexis -- 4. Corpus research and grammar -- 5. Spoken corpus research -- 6. Corpora and the Classroom -- 7. Corpora and ESP -- 8. Corpora in perspective -- 9. Conclusion.
650 7 _aEnglish language
_xStudy and teaching
_xData processing.
_2BUEsh
_941397
650 7 _aEnglish language
_xDiscourse analysis
_xData processing.
_2BUEsh
_941398
650 7 _aEnglish language
_xStudy and teaching
_xResearch.
_2BUEsh
_941399
650 7 _aCorpora (Linguistics).
_2BUEsh
_940992
650 7 _aComputational linguistics.
_2BUEsh
_94459
651 _2BUEsh
653 _bHHUUEENN
_cOctober2016
655 _vReading book
_934232
942 _2ddc
_e22
_k420.188 TIM
_cBB
999 _c22488
_d22460